Hospodárska diplomacia efektivita hospodárskej diplomacie Ukrajiny

Guardado en:
Detalles Bibliográficos
Autor principal: Kunychka, Mykhaylo, 1990-
Autor Corporativo: National Academy for Public Administration. Odessa Regional Institute of Public Administration
Otros Autores: Burian, Alexandru, Karpenko, Lidiia, Kurucz, Milan, 1954-
Formato: Libro
Lenguaje:eslovaco
inglés
ucraniano
Publicado: Odessa Oripa Napa 2018
Materias:
Etiquetas: Agregar Etiqueta
Sin Etiquetas, Sea el primero en etiquetar este registro!

MARC

LEADER 00000nam a2200000 4500
001 0247734
005 20260212080247.1
020 |a 978-966-394-094-6 
041 0 |a slo 
041 0 |a eng 
041 0 |a ukr 
044 |a UA 
245 1 0 |a Hospodárska diplomacia  |b efektivita hospodárskej diplomacie Ukrajiny  |c Mykhaylo Kunychka ; recenzenti: Alexandru Burian, Lidiia Karpenko, Milan Kurucz 
264 1 |a Odessa  |b Oripa Napa  |c 2018 
300 |a 168 s. [9 AH] 
610 2 0 |a diplomacia 
610 2 0 |a diplomacia hospodárska 
610 2 0 |a vzťahy zahraničné 
610 2 0 |a vzťahy ekonomické 
610 2 0 |a zastupiteľstvá obchodné 
610 2 0 |a vývoj 
610 2 0 |a efektívnosť 
610 2 0 |a vývoz 
610 2 0 |a podpora vývozu 
610 2 0 |a investície priame zahraničné 
610 2 0 |a výskum 
610 2 0 |a metodika 
610 2 0 |a analýza štatistická 
610 2 0 |a Ukrajina 
100 1 |a Kunychka, Mykhaylo, 1990- 
700 1 |a Burian, Alexandru 
700 1 |a Karpenko, Lidiia 
700 1 |a Kurucz, Milan, 1954- 
710 2 |a National Academy for Public Administration. Odessa Regional Institute of Public Administration